Responses for Show #4104 - Thursday, June 6, 2002

Contestants

[<< previous game]

Erik Best, a law student from East Lansing, Michigan

Karen Evans, a photographer from Charlotte, North Carolina

Rich Hastings, a gardener from Fayetteville, Arkansas (whose 2-day cash winnings total $59,800)

[next game >>]

Jeopardy! Round responses

MEDICAL TALK
HITTING THE LINKS
FOREST
NATIONALITIES
SEE 'EM & WEEP
"UP" WORDS
    $200 26
the knee

Erik
    $200 6
Canterbury Tales

Erik
    $200 11
birds

Rich
    $200 21
(Rich: What is French dressing?)

Russian

Rich
Triple Stumper
    $200 16
Debra Winger

Karen
    $200 1
upgrade

Rich
    $400 27
the heart

Rich
    $400 7
Lake Ontario

Karen
    $400 12
the koala

Rich
    $400 22
the Spanish Main

Rich
    $400 17
Meryl Streep

Triple Stumper
    $400 2
upbringing

Karen
    $600 28
(Erik: Uh, what is it's imaginary?)
(Karen: What is it's in your head?)

they don't know the cause

KarenErik
Triple Stumper
    $600 8
the Silk Road

Rich
    $1,600 13
Mark Twain

Rich
    $600 23
a Turkish bath

Erik
    $600 18
It's a Wonderful Life

Rich
    $600 3
uppercase

Erik
    $800 29
a dry throat

Karen
    $800 9
(Rich: What is the Internet?)

the Ethernet

Rich
Triple Stumper
    $800 14
deciduous

Karen
    $800 24
an American woman

Karen
    $800 19
[ERRATUM: "Schroder" was misspelled in the clue as shown.]

The Champ

Karen
    $800 4
an uppercut

Erik
    $1000 30
through the mouth

Rich
    $1000 10
(Karen: What is chlorine?)

hydrogen peroxide

RichKaren
    $1000 15
canopy

Karen
    $1000 25
a French dip

Erik
    $1000 20
What Dreams May Come

Triple Stumper
    $1000 5
Uppsala

Triple Stumper

Scores at the first commercial break (after clue 15):

Rich Karen Erik
$3,200 $1,600 $1,600

Scores at the end of the Jeopardy! Round:

Rich Karen Erik
$5,400 $3,600 $2,800

Double Jeopardy! Round responses

MILITARY MEN
THIS'LL KILL YA!
ON THE "M"AP
THE LANGUAGE OF LOVE
SITCOM CITIES
YOUR INITIAL RESPONSE IS CORRECT
    $400 21
Schwarzkopf

Rich
    $400 13
rope

Rich
    $400 6
Mackinac

Rich
    $400 11
(Karen: What is Guinevere?)

Dorothy Parker

RichKaren
    $400 1
New York

Erik
    $400 26
H.M.S.

Rich
    $800 22
Eisenhower

Rich
    $800 17
a knife

Rich
    $2,000 7
(Alex: Yeah, that's [*] Barbia. Now, how would you know that? Don't answer.)

Malibu

Rich
    $800 12
Frost

Erik
    $800 2
San Francisco

Erik
    $800 27
D.J.

Erik
    $1200 23
[Alex specifies "AEF" as "American Expeditionary Force" while reading the clue.]

Pershing

Rich
    $1200 18
a wrench

Erik
    $1200 8
Munster

Rich
    $1200 14
Erich Segal

Rich
    $1200 3
Detroit

Erik
    $10,000 28
(Alex: Impressive scores for all three of you, but at the moment, Erik, we concentrate on you and the possibilities that exist. You could take over the lead.)
(Erik: Let's just go for it. $10,000.)
(Alex: Very cavalier way of handling money. "Let's just go for it." Here is the clue in YOUR INITIAL RESPONSE IS CORRECT...)

MD

Erik
    $1600 24
(Omar) Bradley

Rich
    $1600 19
a lead pipe

Rich
    $1600 9
(Karen: What are the Midway Islands?)
(Rich: What are the Maldives?)

the Marquesas

RichKaren
Triple Stumper
    $1600 15
Mencken

Rich
    $1600 4
(Erik: What is Denver?)

Boulder (Colorado)

KarenErik
    $1600 29
S.R.O.

Erik
    $2000 25
Nimitz

Erik
    $2000 20
Candlestick

Erik
    $2000 10
Mogadishu

Karen
    $2000 16
Benjamin Disraeli

Karen
    $2000 5
Phoenix

Karen
    $2000 30
(Rich: What are PNM?)
...
(Alex: Obstetrics and gynecology.)

OB/GYN

Rich
Triple Stumper

Scores at the end of the Double Jeopardy! Round:

Rich Karen Erik
$15,800 $9,200 $22,000

[wagering suggestions for these scores]

Final Jeopardy! Round responses

COMMON BONDS
(Alex: All right, players, I hope all three of you remember the last round, the Double Jeopardy! Round.)
(Alex: What were the correct responses? Lead pipe, candlestick, wrench...)
KarenWhat is the game "Clue?"
$9,100
RichWhat is the game of Clue?
$15,800
ErikWhat is Clue
$9,700
Clue

Final scores:

Rich Karen Erik
$31,600 $18,300 $31,700
2nd place: $2,000 3rd place: $1,000 New champion: $31,700

Game dynamics:

Coryat scores:

Rich Karen Erik
$13,600 $9,200 $13,200
24 R
(including 2 DDs),
4 W
12 R,
4 W
16 R
(including 1 DD),
2 W

Combined Coryat: $36,000

[game clues] [game scores] [suggest correction]

Game tape date: 2002-02-05
The J! Archive is created by fans, for fans. Scraping, republication, monetization, and malicious use prohibited; this site may use cookies and collect identifying information. See terms. The Jeopardy! game show and all elements thereof, including but not limited to copyright and trademark thereto, are the property of Jeopardy Productions, Inc. and are protected under law. This website is not affiliated with, sponsored by, or operated by Jeopardy Productions, Inc. Join the discussion at JBoard.tv.